1489 1846 1228 1453 1314 1661 1269 1898 1180 1358 1058 1581 1436 1661 1991 1895 1501 1604 1798 1571 1378 1710 1835 1319 1731 1252 1997 1294 1234 1503 1771 1705 1138 1001 1366 1046 1804 1390 1363 1653 1386 1885 1739 1817 1134 1198 1718 1176 1212 1791 1750 1321 1594 1192 1421 1051 1750 1189 1115 1462 1325 1154 1564 1899 1508 1354 1526 1812 1388 1076 1848 1615 1064 1086 1810 1429 1209 1178 1914 1550 1765 1679 1581 1412 1494 1777 1617 1940 1196 1861 1575 1141 1873 1559 1395 1207 1014 1452 1377 BCNSPRNW ULIB Ver.6.0+V

เปลี่ยนเป็นภาษาไทย

Change to English
 แสดงรายละเอียดบรรณานุกรม
  กลับหน้าหลัก

Brief Record : Get Marc (ISO 2709) : E-mail record : QR code < ปิดหน้าต่าง
LEADER : 00000nam 2200000uu 4500
001    13399121675
003     ULIB
008    121129s2551||||th 000 0 tha d
020    ^a9789747152722
060  4 ^aWS113^bป417ก
100 0  ^aประเสริฐ ผลิตผลการพิมพ์
245 10 ^aกว่าจะถึงวัยรุ่นก็สาย...เสียแล้ว /^cประเสริฐ ผลิตผลการพิมพ์
260    ^aกรุงเทพฯ :^bรักลูก,^c2551
300    ^a127 หน้า :^bภาพประกอบ
490 1  ^aโครงการหนังสือเล่ม ;^vอันดับที่ 217
490 1  ^aชุดจิตวิทยาและการเลี้ยงดูลูกวัยรุ่น ;^vvol.3
500    ^aชื่อเรื่องจากปกนอก
650  4 ^aวัยรุ่น^xการดูแล
650  4 ^aวัยรุ่น^xการเลี้ยงดู
945    ^p145^l0^i15247
995    ^aวิภา
999 ^a ใช้งานได้ทุกระบบ
รายการนี้ยังไม่มีแท็ก
คุณยังไม่ได้ล็อกอิน คุณสามารถมีกิจกรรมร่วมกับเว็บไซต์ได้ แต่ต้องล็อกอินก่อน ::
  ล็อกอิน

รายการสื่อสารสนเทศ

ลำดับที่ ประเภท เลขเรียก/บาร์โค้ด สถานที่ สถานะ
1. วิทยาศาสตร์การแพทย์ และสุขภาพ
วิทยาศาสตร์การแพทย์ และสุขภาพ
WS113 ป417ก  
  Barcode: 15247
ห้องสมุดวิทยาเขตสวรรค์ประชารักษ์
►ส่วนจัดเก็บหนังสือเก่า สปร
บนชั้น
  ขอยืม

รายการใกล้เคียง
    ผู้แต่ง [ประเสริฐ ผลิตผลการพิมพ์]

BibComment


ยังไม่เคยถูกคอมเมนท์

คอมเมนท์ทรัพยากรรายการนี้
  คอมเมนท์: กว่าจะถึงวัยรุ่น..


 Copyright 2026. Bcnsprnw @Library